000 00237 a2200097 4500
001 58773
100 _a
245 _aFlight Simulation; Virtual Environments in Aviation
260 _aGreat Britain
_bAshgate
_c2005
090 _c36085
_d36085
942 _aNUST-CAE
_c
_c28986
999 _c293846
_d293846